Comparative federalism and covid - 19: combating the pandemic (Record no. 1225942)

MARC details
000 -LEADER
fixed length control field 00681nam a2200229Ia 4500
005 - DATE AND TIME OF LATEST TRANSACTION
control field 20241129105804.0
008 - FIXED-LENGTH DATA ELEMENTS--GENERAL INFORMATION
fixed length control field 241129s9999||||xx |||||||||||||| ||und||
020 ## - INTERNATIONAL STANDARD BOOK NUMBER
International Standard Book Number 978-0-367-76396-1
037 ## - SOURCE OF ACQUISITION
Stock number TB
040 ## - CATALOGING SOURCE
Original cataloging agency ARTS
Language of cataloging eng
Transcribing agency ARTS
041 ## - LANGUAGE CODE
Language code of text/sound track or separate title eng
Source of code eng
084 ## - COLON CLASSIFICATION NUMBER
Classification number L45:424C R2
Assigning agency ARTS
100 ## - MAIN ENTRY--PERSONAL NAME
Personal name Steytler Nico Ed.
9 (RLIN) 473910
245 #0 - TITLE STATEMENT
Title Comparative federalism and covid - 19: combating the pandemic
Statement of responsibility, etc. Steytler Nico Ed.
260 ## - PUBLICATION, DISTRIBUTION, ETC.
Place of publication, distribution, etc. UK
Name of publisher, distributor, etc. Routledge
Date of publication, distribution, etc. 2018
300 ## - PHYSICAL DESCRIPTION
Extent xx,433p.
365 ## - TRADE PRICE
Price type code UKP
Price amount 34.99
490 ## - SERIES STATEMENT
Series statement Routledge studies in federalism and decentralization
650 ## - SUBJECT ADDED ENTRY--TOPICAL TERM
Topical term or geographic name entry element Medicine
942 ## - ADDED ENTRY ELEMENTS (KOHA)
Koha item type Textbook
Classification part L45:424C R2

No items available.

Copyright @ Delhi University Library System